| 000 | 00525nam a2200169 a 4500 | ||
|---|---|---|---|
| 005 | 20221118063543.0 | ||
| 008 | 991125s1925 mx 000 0 spa u | ||
| 035 | _aUPN01000040414 | ||
| 049 | _aLT | ||
| 050 | 4 |
_aLB1573 M6.3 _bR6.6 1925 |
|
| 100 | 1 | _aRoss, María Luisa | |
| 245 | 1 | 3 |
_aEl mundo de los niños : _blibro de lectura para tercer año / _cpor María Luisa Ross. |
| 260 |
_aMéxico : _bSELFA, _c1925. |
||
| 300 |
_a170 p. : _bil. col. |
||
| 650 | 4 |
_aLectura _xEstudio y enseñanza (Elemental) _92805 |
|
| 905 | _aLibro | ||
| 999 |
_c40414 _d40414 |
||